000 01218cam a22002415a 4500
001 L159781
008 171221s2017 xxk f 000 0 eng d
035 _a(Sirsi) u159781
041 0 _aeng
100 1 _aBean, Sara
245 0 0 _aSocial impact of FM
260 _aLondon
_bRICS
_c2017
300 _a50p , 30cm
490 0 _aRICS Strategic Facility Management Case Studies Series 5
520 _aA series of cases studies produced jointly with RICS and IFMA exploring social aspects of the Facilities Management (FM) profession and the impact and value that the services delivered can have on the communities and people who with who they work, employ and serve. Looks at how ISS is working to integrate armed forces leavers back into work, promoting personal and professional development through a Future Leadership programme, engaging with an increasingly age-diverse workforce, supporting small businesses supporting the living wage and improving learning and employment skills in the workplace
590 _aKA
651 4 _aInternational
690 _aFacilities management
_96240
700 1 _aDavies, Alex
700 1 _aSharp, David
710 1 _aInternational Workplace
_96143
942 _n0
_2ddc
999 _c116105
_d116105